Alternative energy in agriculture, Vol 2 / (Record no. 403)
[ view plain ]
| 000 -LEADER | |
|---|---|
| fixed length control field | 00402cam a2200157ua 4500 |
| 020 ## - INTERNATIONAL STANDARD BOOK NUMBER | |
| ISBN | 0-8493-6348-9 |
| 041 ## - LANGUAGE CODE | |
| Language code of text/sound track or separate title | eng |
| 082 ## - DEWEY DECIMAL CLASSIFICATION NUMBER | |
| Classification number | 630 |
| Item number | GOS/AL |
| 100 ## - MAIN ENTRY--AUTHOR NAME | |
| Personal name | Goswami, Yogi D . |
| 245 00 - TITLE STATEMENT | |
| Title | Alternative energy in agriculture, Vol 2 / |
| 260 ## - PUBLICATION, DISTRIBUTION, ETC. (IMPRINT) | |
| Place of publication | Florida : |
| Name of publisher | CRC Press Inc. , |
| Year of publication | 2000. |
| 300 ## - PHYSICAL DESCRIPTION | |
| Number of Pages | 181 ; . |
| 942 ## - ADDED ENTRY ELEMENTS (KOHA) | |
| Koha item type | Books |
| Withdrawn status | Lost status | Damaged status | Home library | Current library | Date acquired | Full call number | Accession Number | Koha item type |
|---|---|---|---|---|---|---|---|---|
| KAUAET | KAUAET | 07/04/2012 | 630 | 20579 | Books |
